000 00313nam a22001217a 4500
008 230621b xxu||||| |||| 00| 0 eng d
082 _a328.3
_bCPA
100 _cCPA
245 _aThirty-sixth Commonwealth
_bParliamentary Conference Zimbabwe 1990
260 _aLondon
_bCPA
_c1990
300 _a31p
942 _2ddc
_cBK
999 _c2154
_d2154